Responses for show #4311 - Monday, May 5, 2003

2003 Tournament of Champions quarterfinal game 1.

Contestants

[<< previous game]

Kathy Cassity, a closed captioner from Honolulu, Hawaii

Ben Tritle, an apartment manager from Los Angeles, California

Brian Weikle, a project manager from Minneapolis, Minnesota

[next game >>]

Jeopardy! Round responses

FIRST LADIES
I DIRECT
GNOME-ENCLATURE
GEOGRAPHIC QUOTATIONS
HARD CANDY
TV GUIDE CROSSWORD CLUES
(Alex: And if you folks at home want to play along with us, pull out your current edition of TV Guide & you'll find these clues in this week's edition.)
    $200 4
Laura Bush

Ben
    $200 9
George Lucas

Ben
    $200 13
Christmas Eve

Brian
    $200 1
Paris

Ben
    $200 18
Red Hots

Brian
    $200 2
Med

Ben
    $400 8
Lady Bird Johnson

Triple Stumper
    $400 10
Steven Spielberg

Brian
    $400 14
Snap, Crackle & Pop

Ben
    $400 11
(Ben: What are rocks?)

the Rockies

BenKathy
    $400 27
(Kathy: What are Tic-Tacs?)

Breath Savers

Kathy
Triple Stumper
    $400 3
Red

Kathy
    $600 12
Dolley Madison

Brian
    $600 15
Woody Allen

Kathy
    $600 19
John F. Kennedy

Ben
    $600 20
Troy

Brian
    $600 28
(Alex: You guys aren't into HARD CANDY, I see!)

Nips

Triple Stumper
    $600 5
Kim

Triple Stumper
    $1,000 23
(Kathy: Who is Grace Coolidge?)
...
(Alex: She and President Lincoln were both born in Kentucky.)

Mary Todd Lincoln

Kathy
    $800 16
Steven Soderbergh

Ben
    $800 21
Rumpelstiltskin

Ben
    $800 25
Babylon

Kathy
    $800 29
(Brian: What is cotton candy?)

rock candy

Brian
Triple Stumper
    $800 6
Karn

Ben
    $1000 24
(Kathy: Who is Edith Roosevelt?)
...
(Alex: You were one clue too fast on [*]!)

Grace Coolidge

Kathy
Triple Stumper
    $1000 17
(Kathy: Who is Cameron?)

Michael Bay

Kathy
Triple Stumper
    $1000 22
ring

Kathy
    $1000 26
(Alex: Less than a minute to go now, Kathy.)

Samarra

Triple Stumper
    $1000 30
Brach's

Brian
    $1000 7
I've Got A Secret

Ben

Scores at the first commercial break (after clue 15):

Brian Ben Kathy
$1,200 $2,600 $1,400

Scores at the end of the Jeopardy! Round:

Brian Ben Kathy
$2,200 $4,800 -$200

Double Jeopardy! Round responses

WORLD LIT
HOLY ROMAN EMPERORS
GENERAL SCIENCE
NUN BUT THE BRAVE
REVOLUTIONARY WAR BATTLES
BACKWORDS
(Alex: Each clue will contain the correct response, but written in reverse.)
    $400 1
Ayn Rand

Ben
    $400 3
(Kathy: What is a mountain?)

castle

BrianKathy
    $400 10
(Ben: What is Jupiter?)

Saturn

BrianBen
    $400 17
Mother Teresa

Ben
    $400 20
South Carolina

Brian
    $400 2
Edam/made

Brian
    $800 23
Isabel Allende

Ben
    $800 4
Charlemagne

Ben
    $800 11
bauxite

Brian
    $800 18
(Ben: What is London?)

Dublin

BrianBen
    $800 21
Charlestown

Triple Stumper
    $800 5
looter/retool

Ben
    $1200 25
"The Kiss of the Spider Woman"

Kathy
    $1200 7
7

Brian
    $1200 12
lichen

Brian
    $200 19
(Brian: No idea.)

"Dead Man Walking"

Brian
    $1200 22
Yorktown

Brian
    $1200 6
diva/avid

Brian
    $1600 26
Evelyn Waugh

Triple Stumper
    $1600 8
The Great Schism

Brian
    $1600 13
groups

Triple Stumper
    $1600 28
Jesuits

Ben
    $1600 24
(Kathy: What is Bull Run?)
...
(Alex: Less than a minute to go in the round.)

Saratoga

Kathy
Triple Stumper
    $1600 15
grebes/Seberg

Brian
    $2000 27
(Ben: Who is Soyenka?)

Athol Fugard

Ben
Triple Stumper
    $3,000 9
Prague

Brian
    $2000 14
limestone/calcite

Brian
    $2000 29
"The Canterbury Tales"

Brian
    $2000 30
Brandywine

Brian
    $2000 16
(Kathy: What is a membrane?)

lamina/animal

Kathy
Triple Stumper

Scores at the end of the Double Jeopardy! Round:

Brian Ben Kathy
$22,200 $6,400 -$3,000
(lock game)

Final Jeopardy! Round responses

HISTORIC OCCASIONS
BenWhat is the International Space Station?
$6,400
BrianWhat is the Chunnel?
$0
the Chunnel (train tunnel under the English Channel between England & France)

Final scores:

Brian Ben Kathy
$22,200 $0 -$3,000
Automatic semifinalist 2nd place: $5,000 if eliminated 3rd place: $5,000 if eliminated

Game dynamics:

Coryat scores:

Brian Ben Kathy
$21,400 $6,400 -$2,000
22 R
(including 1 DD),
2 W
(including 1 DD)
16 R,
4 W
6 R,
7 W
(including 1 DD)

Combined Coryat: $25,800

The J! Archive is created by fans, for fans. The Jeopardy! game show and all elements thereof, including but not limited to copyright and trademark thereto, are the property of Jeopardy Productions, Inc. and are protected under law. This website is not affiliated with, sponsored by, or operated by Jeopardy Productions, Inc. Join the discussion at JBoard.tv.